000 01474nam a2200385 a 4500
001 000015906
003 DO-SdBNP
005 20170925102457.0
007 000015906
008 100222s2009 dr ac 000 0 spa d
020 _a9789945410501
040 _aBPMSU
_bspa
_cBPMSU
082 4 _a305.4097293
_bH557m
100 1 _aHernández, Ángela
245 1 3 _aLa mujer en la historia dominicana /
_cÁngela Hernández, Orlando Inoa.
260 0 _aSanto Domingo :
_bSecretaría de Estado de la Mujer,
_c2009.
300 _a327 p. :
_bil., retr. ;
_c30 cm.
500 _aIncluye referencias bibliográficas y notas al pie de las páginas.
650 4 _aMUJERES EN REPÚBLICA DOMINICANA
_xHISTORIA
650 4 _aMUJERES
_zREPÚBLICA DOMINICANA
_xCONDICIONES SOCIALES
650 4 _aMUJERES
_zREPÚBLICA DOMINICANA
_xBIOGRAFÍAS
650 4 _aFEMINISMO
_zREPÚBLICA DOMINICANA
_xHISTORIA
651 4 _aREPÚBLICA DOMINICANA
_xHISTORIA
651 4 _aREPÚBLICA DOMINICANA
_xHISTORIA
_yERA DE TRUJILLO 1930-1961
651 4 _aREPÚBLICA DOMINICANA
_xVIDA SOCIAL Y COSTUMBRES
700 1 2 _aInoa, Orlando
910 _aValidado. Control de calidad MFF
930 1 _lBND01
_mLF1
_h305.4097293
_820100222
_f02
_pMI
_g10542
942 _2ddc
_cBK
945 _aInventariado, 2017/MFF
956 _aNMORDAN
_b10
_c20100223
_lBND01
_h1346
956 _aDGARCIA
_b10
_c20100224
_lBND01
_h1046
956 _aMMOLINA
_b20
_c20100405
_lBND01
_h1507
956 _aVMATEO
_b10
_c20150826
_lBPMSU
_h00151
999 _c8235
_d8235